000 00723nam a2200229Ia 4500
003 GCL
008 140319s9999 xx 000 0 ara d
040 _aGCL /
_cGCL
082 0 4 _aق
_b930.1
_bا ا
100 1 _aادواردز، ا
245 1 0 _aاهرام مصر /
_cادواردز، ا
700 1 _aاحمد فخرى
700 1 _aمصطفى احمد عثمان
250 _aالثانية
260 _aالقاهرة :
_bالهيئة المصرية العامة للكتاب ،
_c1956
300 _a350 ص ؛
_c24سم
490 _aالالف كتاب الثانى
_v272
650 0 4 _aمصر القديمة
650 0 4 _aالحضارة الفرعونية
650 0 4 _aالاهرام
942 _2ddc
_cBK
999 _c45454
_d45454